| 000 | 00346nam a2200145Ia 4500 | ||
|---|---|---|---|
| 008 | 150201s1985 xx 000 0 und d | ||
| 082 |
_a617.3 _bO85P |
||
| 100 | _aPINNEY , EDWARD | ||
| 245 | _aORTHOPAEDIC NURSING | ||
| 250 | _a6TH | ||
| 260 |
_bBAILLIER TINDELL _aLONDON _c1985 |
||
| 300 | _a1-352 | ||
| 650 | _aORTHOPEDICS | ||
| 942 |
_2ddc _cBK _02 |
||
| 999 |
_c1468 _d1468 |
||